|
|
|
แสดงรายละเอียดบรรณานุกรม |
|
|||
| ห้องสมุดโรงเรียนพะเยาพิทยาคม...ยินดีต้อนรับ...ทุกท่านเข้าสู่ระบบห้องสมุดอัตโนมัติ | ||||
|
Brief Record
: Get Marc (ISO 2709)
: E-mail record
: |
|
|
| LEADER 00000nam 2200000uu 4500 | |||
| 001 13399113348 | |||
| 003 ULIBM | |||
| 008 121115s||||||||th 000 0 tha d | |||
| 082 ^a383^bก672พ | |||
| 100 ^aกมล จาตะเสม. | |||
| 245 ^aพจนานุกรม สัพท์ธุรกิจการค้า /^cโดยกมล จาตะเสม. | |||
| 260 ^aพิมพ์ครั้งที่7^bกรุงเทพมหานคร:^cแพร่พิทยา,^dมปป. | |||
| 300 ^a689 หน้า^b20 ซม. | |||
| 650 ^aพจนานุกรม | |||
| 945 ^p65^l0^i4188 | |||
| 999 ^aวทัญญู | |||
| คุณยังไม่ได้ล็อกอิน คุณสามารถมีกิจกรรมร่วมกับเว็บไซต์ได้ แต่ต้องล็อกอินก่อน :: |
|
| สถานะ | |||||||||
| 1. | หนังสือ | 383 ก672พ Barcode: 04188 | ►หนังสือทั่วไป | On Shelf ขอยืม | |||||
| [แสดง 1/1 รายการ] | |||||||||
หนังสือดีน่าอ่าน

“ดั่งดวงแก้ว ส่องสว่าง ทางสายงาม”
จัดทำขึ้นเพื่อเฉลิมพระเกียรติ สมเด็จพระเทพรัตนราชสุดา ฯ สยามบรมราชกุมารี
เนื่องในโอกาสมหามงคลเฉลิมพระชนมพรรษา ๕ รอบ ๒ เมษายน ๒๕๕๘
โดยหนังสือเล่มนี้ได้รวบรวม ๖๐ พระอัจฉริยภาพของสมเด็จพระเทพ ฯ
ผู้อ่านจะได้รับแรงบันดาลใจให้พากเพียรเรียนรู้และขยันอดทนทำการงาน
ตามรอยเบื้องพระยุคลบาท เพราะพระองค์ทรงเป็นแบบอย่างอันดีเยี่ยมในทุกด้าน
ทั้งในความใฝ่รู้ใฝ่เรียน คุณธรรมจริยธรรม พระวิริยอุตสาหะในการทรงงาน
และอื่นๆอีกมากมาย ล้วนสามารถสร้างแรงบันดาลใจให้แก่เด็กและเยาวชน
อีกทั้งประชาชนทั่วไป ให้พากเพียรเรียนรู้และขยันอดทนทำการงานตามรอยพระยุคลบาท
เพื่อฝึกฝนตนเองให้เป็นคนดีคนเก่งของครอบครัวและสังคมต่อไป

| รายการใกล้เคียง หัวเรื่อง [พจนานุกรม]
|
แสดงความเห็นเกี่ยวกับหนังสือเล่มนี้ |
| คอมเมนท์ทรัพยากรรายการนี้ |
|
ห้องสมุดเฉลิมพระเกียรติกาญจนาภิเษก โรงเรียนพะเยาพิทยาคม อำเภอเมือง จังหวัดพะเยา 56000
![]()
![]()
E-mail :
Library Phayaopittayakom
05-4431-275 ต่อ 4621